25 largest cities by letter - U - Statistics

General Stats
  • This quiz has been taken 38 times
  • The average score is 6 of 25
Answer Stats
Country Population City % Correct
Mongolia 844,818 Ulan Bator
97%
Netherlands 290,529 Utrecht
86%
China 3,029,372 Urumqi
74%
Russia 1,033,338 Ufa
71%
South Korea 962,865 Ulsan
49%
Russia 640,680 Ulyanovsk
34%
Japan 173,733 Ube
31%
Brazil 563,536 Uberlandia
26%
Russia 360,278 Ulan-Ude
26%
Thailand 247,231 Udon Thani
20%
Japan 449,865 Utsunomiya
20%
Nigeria 436,606 Uyo
17%
India 422,784 Udaipur
11%
India 457,346 Ujjain
11%
Mexico 264,439 Uruapan
11%
Brazil 260,843 Uberaba
9%
Japan 192,925 Uji
9%
South Korea 479,141 Uijeongbu
6%
China 165,846 Ulanhot
6%
Kazakhstan 319,067 Ust-Kamenogorsk
6%
Nigeria 200,276 Ugep
3%
South Africa 228,912 Uitenhage
3%
India 516,584 Ulhasnagar
3%
Nigeria 264,662 Umuahia
3%
Congo (Republic) 170,391 Uvira
3%
No matching quizzes found
Score Distribution
Percent of People with Each Score
Percentile by Number Answered
Your Score History
You have not taken this quiz